South Eastern Kenya University

Library Online Public Access Catalogue


Organizational behavior : (Record no. 14106)

MARC details
000 -LEADER
fixed length control field 00884pam a2200301 a 4500
001 - CONTROL NUMBER
control field 3857664
003 - CONTROL NUMBER IDENTIFIER
control field OSt
005 - DATE AND TIME OF LATEST TRANSACTION
control field 20160517111351.0
008 - FIXED-LENGTH DATA ELEMENTS--GENERAL INFORMATION
fixed length control field 881024s1989 nyua b 001 0 eng
010 ## - LIBRARY OF CONGRESS CONTROL NUMBER
LC control number 88039360
020 ## - INTERNATIONAL STANDARD BOOK NUMBER
International Standard Book Number 9780071289481
040 ## - CATALOGING SOURCE
Original cataloging agency SEKU
050 00 - LIBRARY OF CONGRESS CALL NUMBER
Classification number [MKS] HD 58.7 N49 2011
082 00 - DEWEY DECIMAL CLASSIFICATION NUMBER
Classification number 58.7
Edition number 13th ed
245 00 - TITLE STATEMENT
Title Organizational behavior :
Remainder of title Human Behavior at work
Statement of responsibility, etc. [edited by] John W. Newstrom
250 ## - EDITION STATEMENT
Edition statement 8th ed.
260 ## - PUBLICATION, DISTRIBUTION, ETC. (IMPRINT)
Place of publication, distribution, etc. New York :
Name of publisher, distributor, etc. McGraw-Hill,
Date of publication, distribution, etc. c2011
300 ## - PHYSICAL DESCRIPTION
Extent xxi, 597 p. :
Other physical details ill. ;
Dimensions 24 cm.
440 #0 - SERIES STATEMENT/ADDED ENTRY--TITLE
Title McGraw-Hill series in management
504 ## - BIBLIOGRAPHY, ETC. NOTE
Bibliography, etc Includes bibliographical references and indexes.
650 #0 - SUBJECT ADDED ENTRY--TOPICAL TERM
Topical term or geographic name as entry element Organizational behavior.
650 #0 - SUBJECT ADDED ENTRY--TOPICAL TERM
Topical term or geographic name as entry element Personnel management.
650 #0 - SUBJECT ADDED ENTRY--TOPICAL TERM
Topical term or geographic name as entry element .
700 1# - ADDED ENTRY--PERSONAL NAME
Personal name Newstrom, John W.
700 1# - ADDED ENTRY--PERSONAL NAME
Personal name Newstrom, John.
Dates associated with a name 1918-
942 ## - ADDED ENTRY ELEMENTS (KOHA)
Source of classification or shelving scheme Library of Congress Classification
Koha item type General circulation

No items available.

Kitui, Kenya.
+254736116989
library@seku.ac.ke